| 000 | 00402nam a2200157Ia 4500 | ||
|---|---|---|---|
| 008 | 221030s9999 xx 000 0 und d | ||
| 020 | _a1259026825 | ||
| 041 | _aEnglish | ||
| 100 | _aK. Aswathappa | ||
| 245 | 0 |
_aHuman Resource Management - Text & Cases _cby K. Aswathappa |
|
| 250 | _a7th | ||
| 260 |
_bMcGraw - Hill Pub. _aNew Delhi _c2015 |
||
| 300 | _a874 | ||
| 650 | _aManagement | ||
| 942 | _cBK | ||
| 999 |
_c16312 _d16312 |
||